College Quizbowl Stats
College Quizbowl Stats
Circuits
Seasons
Sets
Records
Detailed Stats
About
Loading...
2024 ACF Winter at Ohio State
Tossups
Bonuses
Players
Teams
Categories (Tossup)
Categories (Bonus)
Arjun
Case Western C
Categories
Category
Powers
Gets
Negs
BBs
Points
Earliest Buzz
Avg. Buzz
First Buzzes
Top 3 Buzzes
BPA
PVF
Fine Arts - Classical Music
0
1
0
1
10
120
120.00
0
0
0.00
0.00
Philosophy
0
1
0
0
10
104
104.00
0
0
0.00
0.00
Science - Chemistry
0
1
0
0
10
121
121.00
0
0
0.00
0.00
Science - Physics
0
1
0
0
10
125
125.00
0
0
0.00
0.00
Buzzes
Category
Answer
Value
Buzz Position
Philosophy
feminism
10
104
Fine Arts - Classical Music
percussion
10
120
Science - Chemistry
mixing
10
121
Science - Physics
amplifiers
10
125
Previous
1
Next